LIBRARY & INFORMATION CENTRE, KCAET, TAVANUR

ONLINE PUBLIC ACCESS CATALOGUE (OPAC)

Perspectives of Stakeholders on Precision Farming (Record no. 14492)

MARC details
000 -LEADER
fixed length control field 00346nam a22001337a 4500
020 ## - INTERNATIONAL STANDARD BOOK NUMBER
ISBN 9789382471677
082 ## - DEWEY DECIMAL CLASSIFICATION NUMBER
Classification number 631.3068
Item number PAD/PE
100 ## - MAIN ENTRY--AUTHOR NAME
Personal name Padma,S.R
100 ## - MAIN ENTRY--AUTHOR NAME
Personal name Rathakrishnan,T
245 ## - TITLE STATEMENT
Title Perspectives of Stakeholders on Precision Farming
260 ## - PUBLICATION, DISTRIBUTION, ETC. (IMPRINT)
Place of publication Delhi
Name of publisher Narendra Publishing House
Year of publication 2014
300 ## - PHYSICAL DESCRIPTION
Number of Pages 220
942 ## - ADDED ENTRY ELEMENTS (KOHA)
Koha item type Books
Holdings
Withdrawn status Lost status Damaged status Collection code Home library Current library Shelving location Date acquired Source of acquisition Cost, normal purchase price Full call number Accession Number Koha item type
        KAUAET KAUAET General Stacks 08/07/2016 Arunima Book Distributors,TVPM 1695.00 631.3068 PAD/PE 24831 Books
        KAUAET KAUAET General Stacks 20/07/2016 Ganesh Book Centre 1695.00 631.3068 PAD/PE 24870 Books
free website counter